QTL analysis of horticultural traits differentiating the cultivated tomato from the closely related species Lycopersicon pimpinellifolium (Record no. 66143)

MARC details
000 -LEADER
fixed length control field 00577nam a2200181Ia 4500
100 ## - MAIN ENTRY--AUTHOR NAME
Personal name Grandillo S
245 #0 - TITLE STATEMENT
Title QTL analysis of horticultural traits differentiating the cultivated tomato from the closely related species Lycopersicon pimpinellifolium
260 ## - PUBLICATION, DISTRIBUTION, ETC. (IMPRINT)
Name of publisher Theoretical and Applied Genetics
Year of publication 1996
300 ## - PHYSICAL DESCRIPTION
Number of Pages 935-951
650 ## - SUBJECT ADDED ENTRY--TOPICAL TERM
Topical Term Demestication
650 ## - SUBJECT ADDED ENTRY--TOPICAL TERM
Topical Term Lycopersicon pimpinellifolium
650 ## - SUBJECT ADDED ENTRY--TOPICAL TERM
Topical Term Molecular marker
650 ## - SUBJECT ADDED ENTRY--TOPICAL TERM
Topical Term Plant breeding
650 ## - SUBJECT ADDED ENTRY--TOPICAL TERM
Topical Term QTL
700 ## - ADDED ENTRY--PERSONAL NAME
Personal name Tanksley S D
942 ## - ADDED ENTRY ELEMENTS (KOHA)
Koha item type Journals
Holdings
Withdrawn status Lost status Damaged status Not for loan Home library Current library Shelving location Date acquired Serial Enumeration / chronology Koha item type
      Journals RRII Library RRII Library Molecular marker 17/12/2021 Volume 92, Issue 8 Journals